| 000 | 00613nam a2200205 a 4500 | ||
|---|---|---|---|
| 005 | 20250311063803.0 | ||
| 008 | 060426s2001 mx r 000 0 spa d | ||
| 020 | _a8425335299 | ||
| 035 | _aUPN01000143929 | ||
| 049 | _aCG | ||
| 050 | 4 |
_aTK5105.875 I5.7 _bC6.4 |
|
| 100 | 1 | _aCooper, Brian | |
| 245 | 1 | 0 |
_aCómo conectarse a la red / _cBrian Cooper ; tr. Carlos del Valle. |
| 260 |
_aBarcelona, Esp. : _bGrijalbo, _cc2001. |
||
| 300 |
_a72 p. : _bil. |
||
| 440 | 0 |
_aBiblioteca esencial de ordenador. _pInternet |
|
| 534 |
_pTítulo original: _tGetting connected |
||
| 650 | 4 |
_aInternet _9547 |
|
| 905 | _aLibro | ||
| 999 |
_c116076 _d116076 |
||